India OECD economic surveys 2007

Salvato in:
Dettagli Bibliografici
Natura: Libro
Lingua:inglese
Pubblicazione: Paris OECD 2007
Soggetti:
Tags: Aggiungi Tag
Nessun Tag, puoi essere il primo ad aggiungerne!!

MARC

LEADER 00000nam$a2200000$$$4500
001 0071626
005 20240315120753.9
020 |a 978-92-64-03351-1 
022 |a 0376-6438 
041 0 |a eng 
044 |a FR 
245 1 0 |a India  |b OECD economic surveys 2007 
264 1 |a Paris  |b OECD  |c 2007 
300 |a 241 s. 
610 2 0 |a situácia hospodárska 
610 2 0 |a India 
610 2 0 |a ukazovatele ekonomické 
610 2 0 |a politika hospodárska 
610 2 0 |a reformy hospodárske 
610 2 0 |a trh práce 
610 2 0 |a sústava finančná 
610 2 0 |a politika fiškálna 
610 2 0 |a sústava daňová 
610 2 0 |a zdroje ľudské 
610 2 0 |a infraštruktúra